Asterix in Corsica

Bibliographic Details
Format: Book
Published: London : Hodder Dargaud , 1973

MARC

LEADER 00000cam a2200000 7i4500
001 0000003433
002 000003701
005 20000330.0
020 |a 0340277548 
090 0 0 |a C   |b AST 
245 0 0 |a Asterix in Corsica   |c Goscinny 
260 |a London :   |b Hodder Dargaud ,   |c 1973 
300 |a 48p. ;   |c 28cm. 
999 |a 036951   |b BUKU   |c CARTOON   |e PERPUSTAKAAN KOMUNITI PETALING JAYA